Alternative 1970's Song Titles 2 - Statistics

General Stats
  • This quiz has been taken 37 times
  • The average score is 11 of 20
Answer Stats
Hint Answer % Correct
Stroll on the untamed part Walk on the Wild Side
90%
Us, the victors We are the Champions
90%
Rest against me for support Lean on Me
80%
Combustion and precipitation Fire and Rain
77%
Territory in dispute between India and Pakistan Kashmir
77%
Combustion vapours over a river or sea Smoke on the Water
77%
My honeyed Almighty My Sweet Lord
73%
You are the solar rays of my existence You are the Sunshine of My Life
73%
Which person will halt the precipitation Who'll Stop the Rain
70%
Us, kinfolk We are Family
67%
Sugary residence in Dixieland Sweet Home Alabama
50%
Perambulate in this fashion Walk this Way
50%
If you are still unfamiliar with me If You Don't Know Me by Now
47%
Hammer a chime Bang a Gong
43%
Cavalry on the tempest Riders on the Storm
43%
Would be nice if you were in this place Wish You Were Here
43%
Female of bad sorcery Black Magic Woman
27%
Shahs of the oscillation Sultans of Swing
23%
Delusion of persecution Paranoid
13%
Everything is currently good All Right Now
7%
No matching quizzes found
Score Distribution
Percent of People with Each Score
Percentile by Number Answered
Your Score History
You have not taken this quiz